00313 a2200109 4500082001400000100001700014245005800031250001200089260004200101300003200143650002800175 a519.5 MIL aMiller,Irwin aMathematical statisticscIrwin Miller,Marylees Miller a6th.ed. aIslamabad:bNational Book Foundation, aviii,624p. :bill. ;c25 cm amathematical statistics